000
00271nam a2200109Ia 4500
008
201217s9999 xx 000 0 und d
100
_a
National Productivity Council
245
0
_a
Cost Reduction
260
_a
New Delhi
_b
National Ports Council
300
_a
65
942
_c
BK
999
_c
7820
_d
7820